Globalization and business / (Record no. 1152)
[ view plain ]
| 000 -LEADER | |
|---|---|
| fixed length control field | 00941nac a22002411u 4500 |
| 010 ## - LIBRARY OF CONGRESS CONTROL NUMBER | |
| LC control number | 2001036539 |
| 020 ## - INTERNATIONAL STANDARD BOOK NUMBER | |
| International Standard Book Number | 8120322231 |
| 082 00 - DEWEY DECIMAL CLASSIFICATION NUMBER | |
| Classification number | 658.18 |
| Item number | D1861 |
| 090 ## - LOCALLY ASSIGNED LC-TYPE CALL NUMBER (OCLC); LOCAL CALL NUMBER (OCLC) | |
| -- | 1152 |
| -- | 1152 |
| 100 ## - MAIN ENTRY--PERSONAL NAME | |
| Personal name | Daniels, John D. |
| 245 10 - TITLE STATEMENT | |
| Title | Globalization and business / |
| Statement of responsibility, etc | John D. Daniels, Lee H. Radebaugh, Daniel P. Sullivan. |
| 260 ## - PUBLICATION, DISTRIBUTION, ETC. (IMPRINT) | |
| Place of publication, distribution, etc | New Delhi : |
| Name of publisher, distributor, etc | Prentice Hall of India, |
| Date of publication, distribution, etc | c2002. |
| 300 ## - PHYSICAL DESCRIPTION | |
| Extent | xiii, 399 p. : |
| Other physical details | ill. (some col.), maps ; |
| Dimensions | 24 cm. |
| 504 ## - BIBLIOGRAPHY, ETC. NOTE | |
| Bibliography, etc | Includes bibliographical references and indexes. |
| 650 #0 - SUBJECT ADDED ENTRY--TOPICAL TERM | |
| Topical term or geographic name as entry element | International business enterprises. |
| 650 #0 - SUBJECT ADDED ENTRY--TOPICAL TERM | |
| Topical term or geographic name as entry element | International business enterprises |
| General subdivision | Management. |
| 650 #0 - SUBJECT ADDED ENTRY--TOPICAL TERM | |
| Topical term or geographic name as entry element | Globalization. |
| 700 1# - ADDED ENTRY--PERSONAL NAME | |
| Personal name | Radebaugh, Lee H. |
| 700 1# - ADDED ENTRY--PERSONAL NAME | |
| Personal name | Sullivan, Daniel P. |
| 700 1# - ADDED ENTRY--PERSONAL NAME | |
| Personal name | Daniels, John D. |
| 942 ## - ADDED ENTRY ELEMENTS (KOHA) | |
| Item type | Book - Borrowing |
| Call number prefix | 658.18D1861 |
| Withdrawn status | Item status | Source of classification or shelving scheme | Damaged status | Not for loan | Vendor | Home library | Current library | Shelving location | Date acquired | Source of acquisition | Cost, normal purchase price | Total Checkouts | Total Renewals | Full call number | Barcode | Date last seen | Date last borrowed | Cost, replacement price | Koha item type |
|---|---|---|---|---|---|---|---|---|---|---|---|---|---|---|---|---|---|---|---|
| Dewey Decimal Classification | Central Library | Central Library | First floor | 24/08/2006 | 59.00 | 5 | 3 | 658.18 DAN | 000003342 | 15/07/2025 | 09/11/2014 | 73.75 | Book - Borrowing |